प.दीनदयाल उपाध्याय जीवन दर्शन और समसामयिकता ( पांच खण्डो मै) / (Record no. 212727)
[ view plain ]
| 000 -LEADER | |
|---|---|
| fixed length control field | 01543nam a22003377a 4500 |
| 005 - DATE AND TIME OF LATEST TRANSACTION | |
| control field | 20250730104555.0 |
| 010 ## - LCCN (DPL NO) | |
| LC control number | HIN-130060 - 130064 |
| 020 ## - INTERNATIONAL STANDARD BOOK NUMBER | |
| International Standard Book Number | 9789390702787 |
| Terms of availability | 1100.00 |
| 020 ## - INTERNATIONAL STANDARD BOOK NUMBER | |
| International Standard Book Number | 9789390702787 |
| Terms of availability | 1100.00 |
| 020 ## - INTERNATIONAL STANDARD BOOK NUMBER | |
| International Standard Book Number | 9789390702787 |
| Terms of availability | 1100.00 |
| 020 ## - INTERNATIONAL STANDARD BOOK NUMBER | |
| International Standard Book Number | 9789390702787 |
| Terms of availability | 1100.00 |
| 020 ## - INTERNATIONAL STANDARD BOOK NUMBER | |
| International Standard Book Number | 9789390702787 |
| Terms of availability | 1100.00 |
| 035 ## - SYSTEM CONTROL NUMBER | |
| System control number | HN-102406 |
| 035 ## - SYSTEM CONTROL NUMBER | |
| System control number | HN-102407 |
| 035 ## - SYSTEM CONTROL NUMBER | |
| System control number | HN- 102408 |
| 035 ## - SYSTEM CONTROL NUMBER | |
| System control number | HN-102409 |
| 035 ## - SYSTEM CONTROL NUMBER | |
| System control number | HN-102410 |
| 037 ## - SOURCE OF ACQUISITION | |
| Source of stock number/acquisition | DBAD |
| 082 ## - DEWEY DECIMAL CLASSIFICATION NUMBER | |
| Classification number | 921 |
| 245 ## - TITLE STATEMENT | |
| Title | प.दीनदयाल उपाध्याय जीवन दर्शन और समसामयिकता ( पांच खण्डो मै) / |
| Remainder of title | बजरंग लाल गुप्ता |
| 260 ## - PUBLICATION, DISTRIBUTION, ETC. (IMPRINT) | |
| Place of publication, distribution, etc | नई दिल्ली |
| Name of publisher, distributor, etc | किताबवाले |
| 270 ## - ADDRESS | |
| Address | 22/4735, प्दरकाश दीप बिल्डिंग , अंसारी रोड, दरियागंज |
| City | नई दिल्ली - 110002 |
| 300 ## - PHYSICAL DESCRIPTION | |
| Extent | 205 पृ. |
| Dimensions | 22.4 सेमी (सजिल्द) |
| 300 ## - PHYSICAL DESCRIPTION | |
| Extent | 243 पृ. |
| Dimensions | 22.4 सेमी (सजिल्द) |
| 300 ## - PHYSICAL DESCRIPTION | |
| Extent | 206 पृ. |
| Dimensions | 22.4 सेमी (सजिल्द) |
| 300 ## - PHYSICAL DESCRIPTION | |
| Extent | 267 पृ. |
| Dimensions | 22.4 सेमी (सजिल्द) |
| 300 ## - PHYSICAL DESCRIPTION | |
| Extent | 131 पृ. |
| Dimensions | 22.4 सेमी (सजिल्द) |
| 490 ## - SERIES STATEMENT | |
| Volume number/sequential designation | 1,2,3,4,5 |
| 700 ## - ADDED ENTRY--PERSONAL NAME | |
| Personal name | कृष्णकांत शर्मा और अमित राय जैन और संजय वर्मा |
| 9 (RLIN) | 83490 |
| 942 ## - ADDED ENTRY ELEMENTS (KOHA) | |
| Source of classification or shelving scheme | Dewey Decimal Classification |
| Item type | Hindi Books |
| Classification part | 921 |
| Call number suffix | उपाध्या |
| Withdrawn status | Lost status | Not for loan | Collection code | Home library | Current library | Date acquired | Source of acquisition | Cost, normal purchase price | Full call number | Barcode | Copy number | Cost, replacement price | Koha item type |
|---|---|---|---|---|---|---|---|---|---|---|---|---|---|
| Non-fiction | Sarojini Nagar | Sarojini Nagar | 30/07/2025 | DBAD | 1100.00 | 921 उपाध्या | HN-102406 | 1 | 1100.00 | Hindi Books | |||
| Non-fiction | Sarojini Nagar | Sarojini Nagar | 30/07/2025 | DBAD | 1100.00 | 921 उपाध्या | HN-102407 | 2 | 1100.00 | Hindi Books | |||
| Non-fiction | Sarojini Nagar | Sarojini Nagar | 30/07/2025 | DBAD | 1100.00 | 921 उपाध्या | HN-102408 | 3 | 1100.00 | Hindi Books | |||
| Non-fiction | Sarojini Nagar | Sarojini Nagar | 30/07/2025 | DBAD | 1100.00 | 921 उपाध्या | HN-102409 | 4 | 1100.00 | Hindi Books | |||
| Non-fiction | Sarojini Nagar | Sarojini Nagar | 30/07/2025 | DBAD | 1100.00 | 921 उपाध्या | HN-102410 | 5 | 1100.00 | Hindi Books |
